| 000 | 00832nam a22002537a 4500 | ||
|---|---|---|---|
| 999 |
_c7126 _d7126 |
||
| 003 | AR-CdUCM | ||
| 008 | 190320b ||||| |||| 00| 0 spa d | ||
| 040 |
_aMUNICIPALIDAD PROVINCIAL DEL CUSCO _cBIBLIOTECA MUNICIPAL DEL CUSCO |
||
| 041 | _heng | ||
| 082 |
_a531.017 / _bN25 |
||
| 100 |
_aHarry R. Nara _920087 |
||
| 245 | _aMecánica vectorial para ingenieros / | ||
| 260 |
_aMéxico, D.F : _bLimusa-Wiley, _c1964. |
||
| 300 |
_a2 partes ; _bilustraciones, diagramas, _c23 cm. |
||
| 505 | _aContenido: p.2: Dinámica. | ||
| 650 |
_aMecánica analítica _920088 |
||
| 650 |
_aAnálisis vectorial _920089 |
||
| 650 |
_aDinámica _920090 |
||
| 700 |
_aBolz, Raye _920091 |
||
| 700 |
_aConlon, Howard E. (colaboradores) _920092 |
||
| 700 |
_aCortés Barrios, Ramón (traducción) _920093 |
||
| 942 |
_2ddc _cLIBROS |
||
| 945 | _aachl | ||